Step by Step Characters - Statistics

General Stats
  • This quiz has been taken 16 times
  • The average score is 10 of 16
Answer Stats
Answer Answers % Correct
Cody Sasha Mitchell
100%
Carol Suzanne Sommers
91%
Frank Patrick Duffy
91%
JT Brandon Call
91%
Karen Angela Watson
91%
Mark Christopher Castile
82%
Al Kristine Lakin
73%
Dana Staci Keanan
73%
Brendan Josh Byrne
64%
Lilly Emily Mae Young
64%
Jean-Luc Bronson Pinchot
45%
Penny Peggy Rea
45%
Rich Jason Marsden
45%
Ivy Patrika Darbo
18%
Sam Alexandra Adi
18%
Flash Jeff Juday
9%
No matching quizzes found
Score Distribution
Percent of People with Each Score
Percentile by Number Answered
Your Score History
You have not taken this quiz